Harmonic Maps into Homogeneous Spaces
Αποθηκεύτηκε σε:
| Κύριος συγγραφέας: | |
|---|---|
| Μορφή: | Βιβλίο |
| Γλώσσα: | English |
| Δημοσίευση: |
Burnt Mill, Harlow, Essex, England : New York :
Longman Scientific & Technical, Wiley,
1991
|
| Σειρά: | Pitman research notes in mathematics series ;
; 255 |
| Θέματα: | |
| Ετικέτες: |
Προσθήκη ετικέτας
Δεν υπάρχουν, Καταχωρήστε ετικέτα πρώτοι!
|
MARC
| LEADER | 00000cam a2200000 i 4500 | ||
|---|---|---|---|
| 001 | 1/39458 | ||
| 008 | 941103s1991 eng d | ||
| 020 | |a 0582087651 | ||
| 035 | |l 10041017 | ||
| 035 | |a 1993 | ||
| 040 | |a GR-MY-UA |b gre |e aacr | ||
| 041 | 0 | |a eng | |
| 082 | 0 | |a 514.74 |2 (20) | |
| 100 | 1 | |a Black, Malcolm. | |
| 245 | 1 | 0 | |a Harmonic Maps into Homogeneous Spaces / |c Malcolm Black |
| 260 | |a Burnt Mill, Harlow, Essex, England : |a New York : |b Longman Scientific & Technical, |b Wiley, |c 1991 | ||
| 300 | |a 92 p.; |c 25 cm | ||
| 490 | 1 | |a Pitman research notes in mathematics series |v ; 255 | |
| 504 | |a Includes bibliographical references (p. 90-92) | ||
| 650 | 0 | 0 | |a Harmonic maps. |
| 650 | 0 | 0 | |a Homogeneous spaces. |
| 830 | 0 | |a Pitman research notes in mathematics series ; |v ; 255 | |
| 852 | |a INST |b SAMOS |e 19941103 |h 514.74 BLA |p 005300007175 |q 005300007175 |t BK |y 0 | ||
| 909 | |a Σ |b 030658 | ||